| 000 | 01180nam a22002777a 4500 | ||
|---|---|---|---|
| 003 | EG-ScBUE | ||
| 005 | 20211010115126.0 | ||
| 008 | 211010s2010 ua f b 000 0 ara d | ||
| 040 |
_aEG-ScBUE _bara _erda _cEG-ScBUE _dEG-ScBUE |
||
| 082 | 0 | 4 |
_a658.402 _bت ن ظ _222 |
| 245 | 0 | 2 |
_aالتنظيم وأداء المنظمات : _bبحوث محكمة منتقاه / _cد. طلال بن عايد الأحمدي [وست آخرون]. |
| 264 | 1 |
_aالقاهرة : _bمنشورات المنظمة العربية للتنمية الإدارية، _c2010. |
|
| 300 |
_a329 صفحة ؛ _c24 سم. |
||
| 336 |
_2rdacontent _aنص _btxt |
||
| 337 |
_2rdamedia _aبدون وسيط _bn |
||
| 338 |
_2rdacarrier _aمجلد _bnc |
||
| 490 | 0 |
_aبحوث ودراسات ؛ _v465 |
|
| 504 | _aيشتمل على إرجاعات ببليوجرافية. | ||
| 541 | _cDonation. | ||
| 650 | 7 |
_aالمنظمات العامة _xتنظيم وإدارة. _2BUEsh |
|
| 650 | 7 |
_aالمنظمات الدولية _xتنظيم وإدارة. _2BUEsh |
|
| 653 |
_bBUSADM _cOctober2021 |
||
| 655 |
_vReading book _934232 |
||
| 700 | 1 |
_aالأحمدي، طلال بن عايد، _eمؤلف. |
|
| 942 | _2ddc | ||
| 999 |
_c29564 _d29535 |
||